000 00951cam a2200241 4500
001 ABS64801
008 011126n2001 000 0 eng u
035 _a(Sirsi) u115727
100 _aMiller, C.
245 _aSector study 6: Housing associations and changes in rent
260 _c2001
490 _aRoof
_v26(6) Nov/Dec 2001, (8)
520 _aPresents the Housing Corporation's fourth annual analysis of housing associations' performance in limiting rent increases. Tables and graphs. Further information on the Housing Corporation's Sector Studies series can be obtained from Siobhan McHugh on 020 7393 2024 or email [email protected]
590 _aABS
650 _aHOUSING ASSOCIATIONS
650 _aRENT INCREASES
650 _aHOUSING CORPORATION
650 _aALL ITEMS RETAIL PRICES INDEX
650 _aSTATISTICS
650 _aPERFORMANCE STANDARDS
690 _aAffordable housing
_96215
942 _n0
999 _c68931
_d68931